[Event "Kostroma Volga Cup op"]
[Site "Kostroma"]
[Date "2008.07.??"]
[Round "7"]
[White "Obrezchikov, Mikhail"]
[Black "Gargolin, Pavel"]
[Result "1-0"]
[WhiteElo "1992"]
[BlackElo "2111"]
[PlyCount "28"]
[EventDate "2008.07.??"]
[EventType "swiss"]
[EventRounds "9"]
[EventCountry "RUS"]
[SourceTitle "EXT 2009"]
[Source "ChessBase"]
[SourceDate "2008.11.26"]
[SourceVersion "1"]
[SourceVersionDate "2008.11.26"]
[SourceQuality "1"]

1. d4 Nf6 2. c4 d6 3. Nc3 Nbd7 4. Nf3 e5 5. Bg5 Be7 6. dxe5 dxe5 7. e3 0-0 8. Qc2 e4 9. Nd2 Nc5 10. Be2 Re8 11. 0-0 Ng4 12. Bxe7 Qxe7 13. b4 Na6 14. a3 Nf6 1-0